| 000 | 00787nac a22002651i 4500 | ||
|---|---|---|---|
| 003 | EG-ScBUE | ||
| 005 | 20250615083828.0 | ||
| 008 | 250615r20041996ii a g 000 0 eng d | ||
| 020 | _a8126117613 | ||
| 020 | _a9788126117611 | ||
| 040 |
_aEG-ScBUE _beng _erda _cEG-ScBUE _dEG-ScBUE |
||
| 082 |
_a535 _bRAJ _222 |
||
| 100 | 1 |
_aRaj, M. G., _eauthor. |
|
| 245 | 1 | 0 |
_aFundamentals of optics / _cM.G. Raj |
| 250 | _aReprint edition. | ||
| 264 | 1 |
_aNew Delhi : _bAnmol Publications, _c2004. |
|
| 300 |
_a414 pages : _billustrations ; _c20 cm |
||
| 336 |
_2rdacontent _atext _btxt |
||
| 337 |
_aunmediated _2rdamedia _bn |
||
| 338 |
_avolume _bnc _2rdacarrier |
||
| 500 | _aDistributer: Al-Ahram. | ||
| 650 | 7 |
_aOptics. _2BUEsh |
|
| 655 | _vReading book | ||
| 942 |
_cBB _2ddc |
||
| 999 |
_c9665 _d9665 |
||